| 000 | 00336cam a2200133ua 4500 | ||
|---|---|---|---|
| 003 | OSt | ||
| 008 | 210122b ||||| |||| 00| 0 eng d | ||
| 082 |
_a616.0252 _bJAA/FI |
||
| 245 | _aFirst aid to the injured | ||
| 250 | _a1 / | ||
| 260 |
_aNew Delhi : _bThe St. Johns Ambulance Association , _c1963. |
||
| 300 | _a237 ; . | ||
| 942 | _cBK | ||
| 999 |
_c5953 _d5953 |
||